Hacia una dinámica del desarrollo latinoamericano (Registro nro. 6772)
[ vista simple ]
| 000 -LEADER | |
|---|---|
| fixed length control field | 00781 a2200193 4500 |
| 001 - CONTROL NUMBER | |
| control field | 59652 |
| 005 - DATE AND TIME OF LATEST TRANSACTION | |
| control field | 20260407155850.0 |
| 008 - FIXED-LENGTH DATA ELEMENTS--GENERAL INFORMATION | |
| fixed length control field | 260407a1971 arg spa d |
| 003 - CONTROL NUMBER IDENTIFIER | |
| control field | AR-UNSa-BCEJYS |
| 040 ## - CATALOGING SOURCE | |
| Original cataloging agency | AR-UNSa-BCEJYS |
| Language of cataloging | spa |
| Transcribing agency | AR-UNSa-BCEJYS |
| 080 ## - UNIVERSAL DECIMAL CLASSIFICATION NUMBER | |
| Universal Decimal Classification number | 330.34(7/8) |
| Common auxiliary subdivision | Desarrollo Económico de América Latina |
| 100 1# - MAIN ENTRY--PERSONAL NAME | |
| Personal name | Prebisch, Raúl |
| 245 10 - TITLE STATEMENT | |
| Title | Hacia una dinámica del desarrollo latinoamericano |
| Name of part/section of a work | con un apéndice sobre el falso dilemaa entre desarrollo económico y estabilidad monetaria |
| 264 #1 - PRODUCTION, PUBLICATION, DISTRIBUTION, MANUFACTURE, AND COPYRIGHT NOTICE | |
| Place of production, publication, distribution, manufacture | México : |
| Name of producer, publisher, distributor, manufacturer | Fondo de Cultura Económica |
| Date of production, publication, distribution, manufacture, or copyright notice | 1971 |
| 300 ## - PHYSICAL DESCRIPTION | |
| Extent | 210 p. |
| Dimensions | 21 cm. |
| 505 ## - FORMATTED CONTENTS NOTE | |
| Formatted contents note | 1. Factores generales - 2. Los factores estructurales internos - 3. El estrangulamiento exterior del desarrollo |
| 590 ## - LOCAL NOTE (RLIN) | |
| Local note | niveau_biblio:m niveau_hierar:0 |
| 942 ## - ADDED ENTRY ELEMENTS (KOHA) | |
| Koha item type | |
| Withdrawn status | Lost status | Damaged status | Not for loan | Home library | Current library | Shelving location | Date acquired | Total checkouts | Full call number | Barcode | Date last seen | Price effective from | Koha item type |
|---|---|---|---|---|---|---|---|---|---|---|---|---|---|
| Biblioteca Prof. Eusebio Cleto del Rey | Biblioteca Prof. Eusebio Cleto del Rey | 07/04/2026 | 330.34(7/8) P922h | L26219 | 07/04/2026 | 07/04/2026 | Libro | ||||||
| Biblioteca Prof. Eusebio Cleto del Rey | Biblioteca Prof. Eusebio Cleto del Rey | 07/04/2026 | 330.34(7/8) P922h | L26220 | 07/04/2026 | 07/04/2026 | Libro |